000 00695nam a2200277Ia 4500
005 20260320195832.0
008 008 262003s9999 xx 000 0 hin d
020 _a9789394902336
037 _aEBOOK
040 _aCRL
040 _bhin
040 _cCRL
041 _2hin
041 _ahin
084 _qCRL
100 _aनामवर सिंह, सं. समीक्षा ठाकुर
_91133267
245 0 _aतुम्हारा नानू
250 _a1st
260 _bRajkamal
260 _c2023
300 _a224
856 _uhttps://ebook.indiaread.in/pdfs/9789394902336.pdf
942 _cEBOOK
999 _c1716759
_d1716759